|
|
|
|
| LEADER |
00596nam a2200181Ia 4500 |
| 001 |
164167 |
| 008 |
170722s9999 xx 000 0 und d |
| 020 |
|
|
|a 9788120329973
|
| 100 |
|
|
|a Bandyopadhyay, M. N.
|
| 245 |
|
|
|a Electrical machines
|b Theory and practice /
|
| 260 |
|
|
|a New Delhi :
|b PHI ,
|c 2009.
|
| 300 |
|
|
|a xvi498
|
| 653 |
|
|
|a Electrical Machine
|
| 653 |
|
|
|a Engineering
|
| 923 |
|
|
|d 20100222
|n TMCR378
|
| 942 |
|
|
|c GEN
|
| 999 |
|
|
|c 143261
|d 143261
|
| 952 |
|
|
|0 0
|1 0
|4 0
|6 D_668_P7P71
|7 0
|9 202763
|a LIB
|b LIB
|d 2013-03-25
|e TBS Publishers&Distributors
|o D66,8 P7-P7;1
|p 279174
|r 2017-08-12
|v 350.00
|w 2017-08-12
|y GEN
|